Použitie matematiky v ekonomike III. diel

Bibliographic Details
Main Author: Nemčinov, Vasilij Sergejevič, 1894-1964 (Author)
Other Authors: Rosa, Alexander, 1937- (Translator)
Format: Book
Language:Slovak
Russian
PhysicalDescription:471 strán, 3 nečíslované listy obrazových príloh grafy, schémy, tabuľky 21 cm
Published: Bratislava Praha Slovenské vydavateľstvo technickej literatúry Státni nakladatelství technické literatury 1967
Edition:I. vydanie
Series:Edícia matematických metód v ekonomike
Subjects:

MARC

LEADER 00000cam a2200000 a 4500
001 vtls008343409
003 SK-MaSNL
005 20260302084930.0
008 230403s1967 xo dl grn 001 0 slo
015 |a SNBA1967/11-01888 
020 |q (viazané) 
035 |a SK01SNK19670035626 
035 |a urn:nbn:sk:snk-am3iyhr 
035 |a 3A07443D-03CB-406A-BBBD-0334260EF034 
035 |a urn:nbn:sk:snk-am00g64t 
035 |a SKM000038089 
040 |a SNK  |b slo  |c SNK  |e AACR2 
041 1 |a slo  |h rus 
044 |a xo  |c SK  |a xr  |c CZ 
080 |a 51-7  |2 2011 
080 |a 33  |2 2011 
080 |a (048.8)  |2 2011 
100 1 |a Nemčinov, Vasilij Sergejevič,  |d 1894-1964  |4 aut  |9 616190 
240 1 0 |a Primenenie matematiky v ekonomičeskich issledovanijach  |l Slovensky 
245 1 0 |a Použitie matematiky v ekonomike  |n III. diel  |c V.S. Nemčinov a kolektív ; z ruského originálu Primenenije matematiki v ekonomičeskich issledovanijach ... preložil Alexander Rosa 
250 |a I. vydanie 
260 |a Bratislava  |b Slovenské vydavateľstvo technickej literatúry  |a Praha  |b Státni nakladatelství technické literatury  |c 1967  |e Brno  |f Tisk 
300 |a 471 strán, 3 nečíslované listy obrazových príloh  |b grafy, schémy, tabuľky  |c 21 cm 
366 |e 2100 kusov 
490 1 |a Edícia matematických metód v ekonomike 
504 |a Obsahuje bibliografické odkazy a poznámky ; register 
650 0 7 |a aplikovaná matematika  |2 SNKPH  |9 3498 
650 0 7 |a ekonomika  |2 SNKPH  |9 789 
655 7 |a monografie  |2 SNKPH  |9 70139 
700 1 |a Rosa, Alexander,  |d 1937-  |4 trl  |9 212734 
830 0 |a Edícia matematických metód v ekonomike  |9 497669 
852 |a Slovenská národná knižnica 
954 |a odborná, vedecká literatúra cudzojazyčná (svetová)  |2 lita 
958 |a RK 
958 |a TL 
958 |a NB 
958 |a OP 
958 |a OND 
958 |a EUIPO 
968 |b RUS 
999 |c 1189885  |d 1191815 
952 |a SNK  |b SNK  |y PREZ  |7 0  |p 17A0841891  |o snkSC 16379/3  |i snkKSP 254/68  |0 0  |1 0  |4 0  |d 2020-08-18  |f 1  |l 0  |r 2025-07-18 00:00:00  |w 2026-02-24